000 00548nam a2200181Ia 4500
001 17291
005 20260306171506.0
008 260306s9999||||xx |||||||||||||| ||und||
041 _aESP
082 _a657.61
_bI61C 2018
100 _aInternational Financial Reporting Standards
_eAUT
245 0 _aLas normas NIIF ilustradas parte C:
_bnormas emitidas al 1 de enero de 2018 que reflejan cambios todavía no requeridos
260 _c2018
300 _aC2452 páginas :
_c25 cm.
650 _aGEN
654 _aCCO
942 _cLIB
_dJUS
_fJUS
_2ddc
_n
999 _c17291
_d17291